| 000 | 00430nam a22001457a 4500 | ||
|---|---|---|---|
| 005 | 20180721135802.0 | ||
| 020 |
_c700.00 _a8176488879 |
||
| 035 | _aB-158679, B-158678 | ||
| 037 |
_aDPL _bENG |
||
| 100 | _aMishra, R.C. | ||
| 245 |
_aHealth and nutrition education / _cby R.C. Mishra |
||
| 260 |
_aNew Delhi _bA.P.H. Publishing Corporation _c2005 |
||
| 300 |
_axii, 308p. _c20 cms. |
||
| 942 |
_2ddc _cEN _h322.37 _mMIS |
||
| 999 |
_c65776 _d65776 |
||